360 câu đàm thoại tiếng Nhật mua sắm

Spremljeno u:
Bibliografski detalji
Format: Knjiga
Oznake: Dodaj oznaku
Bez oznaka, Budi prvi tko označuje ovaj zapis!
Thư viện lưu trữ: Mạng thư viện Đại học Đà Nẵng
LEADER 00421nam a22001691a 4500
001 000039518
003 15813
005 20160412022611.0
008 160412s0 000
082 |a 4N(TK)38-42 
245 |a 360 câu đàm thoại tiếng Nhật mua sắm 
OWN |a LNN 
999 |a From the UDN01 
TYP |a Monograph 
980 |a Mạng thư viện Đại học Đà Nẵng